Learning Resource and Development

The Gale encyclopedia of nursing & allied health : volume 4, L-O / (Record no. 12840)

MARC details
000 -LEADER
fixed length control field 01055nam a22003017a 4500
005 - DATE AND TIME OF LATEST TRANSACTION
control field 20230512224051.0
008 - FIXED-LENGTH DATA ELEMENTS--GENERAL INFORMATION
fixed length control field 221128t xxu||||| |||| 00| 0 eng d
020 ## - INTERNATIONAL STANDARD BOOK NUMBER
International Standard Book Number 8785314498928
040 ## - CATALOGING SOURCE
Transcribing agency CSPC
050 0# - LIBRARY OF CONGRESS CALL NUMBER
Classification number RT21
082 0# - DEWEY DECIMAL CLASSIFICATION NUMBER
Classification number 610.7303
Item number G353
240 00 - UNIFORM TITLE
Uniform title The Gale encyclopedia of nursing and allied health
245 00 - TITLE STATEMENT
Title The Gale encyclopedia of nursing & allied health : volume 4, L-O /
Statement of responsibility, etc. Brigham Narins, editor.
250 ## - EDITION STATEMENT
Edition statement Third
Remainder of edition statement editor.
260 ## - PUBLICATION, DISTRIBUTION, ETC.
Place of publication, distribution, etc. Farmington Hills, Michigan :
Name of publisher, distributor, etc. Gale,
Date of publication, distribution, etc. 2013.
300 ## - PHYSICAL DESCRIPTION
Extent v-1907, 2481 pages :
Other physical details colored illustrations ;
Dimensions 29 cm.
336 ## - CONTENT TYPE
Source rdacontent
Content type term text
337 ## - MEDIA TYPE
Source rdamedia
Media type term unmediated
338 ## - CARRIER TYPE
Source rdacarrier
Carrier type term volume
650 10 - SUBJECT ADDED ENTRY--TOPICAL TERM
Topical term or geographic name entry element Nursing Care
Form subdivision Encyclopedias
General subdivision English.
650 10 - SUBJECT ADDED ENTRY--TOPICAL TERM
Topical term or geographic name entry element Allied Health Personnel
Form subdivision Encyclopedias
General subdivision English.
650 10 - SUBJECT ADDED ENTRY--TOPICAL TERM
Topical term or geographic name entry element Nursing
Form subdivision Encyclopedias
General subdivision English.
700 1# - ADDED ENTRY--PERSONAL NAME
Personal name Narins, Brigham,
Relator term editor.
940 ## - EQUIVALENCE OR CROSS-REFERENCE--UNIFORM TITLE [OBSOLETE] [CAN/MARC only]
Uniform title <a href="Melane ">Melane </a>
942 ## - ADDED ENTRY ELEMENTS (KOHA)
Koha item type
-- GNR 610.7303 G353 2013
Holdings
Withdrawn status Lost status Damaged status Not for loan Home library Current library Shelving location Date acquired Total Checkouts Full call number Barcode Date last seen Copy number Price effective from Koha item type
        Main Library Main Library General Reference Section 05/12/2023   GNR 610.7303 G353 2013 024909 05/12/2023 1-1 05/12/2023 Books